000 00478nam a2200193 a 4500
001 1754739741843
003 YourLibrary
005 20250809171553.0
008 250809s2003##################000#0#eng##
020 _a9780120441433
082 0 4 _a515.782
_bADA
100 1 _aAdams, Robert Alexander,
_eauthor.
245 1 0 _aSobolev Spaces :
260 _c2003.
300 _a305 pages
650 0 _aMathematics.
942 _cENGLISH
040 _aYourLibrary
_beng
_cYourLibrary
999 _c579748
_d579748